Academic Journal of Business, Administration, Law and Social Sciences (Запис № 420962)

МАРК-запис
000 -Лідер
fixed length control field 01632nam a22002657a 4500
003 - Ідентифікатор контрольного номера
control field UA-OsUOA
001 - Контрольний номер
control field 132405
007 - Фіксоване поле фізичного опису
fixed length control field ta
008 - Елементи даних фіксованої довжини – загальна інформація
fixed length control field 20180724b un ||||| |||| 00| 0 ukr d
040 ## - Джерело каталогізації
Агенція оригінальної каталогізації UA-OsUOA
Мова каталогізації eng
Агенція, яка здійснювала перезапис UA-OsUOA
Агенція, яка здійснювала модифікацію UA-OsUOA
041 ## - Код мови
Код мови тексту/ звукової доріжки чи окремого заголовка (П) eng
022 ## - Міжнародний стандартний серіальний номер (ISSN)
Міжнародний стандартний серіальний номер (ISSN) 2410-8693
245 ## - Відомості про назву
Назва (НП) Academic Journal of Business, Administration, Law and Social Sciences
260 ## - Публікація, розповсюдження і т.п. (Вихідні дані)
Дата публікації, розповсюдження і т.п. (П) 2017
246 31 - Інша форма назви
Назва (НП) 1
Номер частини/ розділ роботи (П)
520 3# - Резюме і т.п.
Резюме, реферат, анотація, тощо (НП) Academic Journal of Business, Administration, Law and Social Sciences is an international peer-reviewed journal in English published three times a year (March, July, November) by International Institute for Private, Commercial and Competition law. AJB
520 3# - Резюме і т.п.
Резюме, реферат, анотація, тощо (НП) ALS is interested in promoting the exchange of idea, and to bring together researchers and academics from all over the countries. In this sense, we welcome papers not only in the above cited fields, but also in other fields of scientific research. Aim
520 3# - Резюме і т.п.
Резюме, реферат, анотація, тощо (НП) ing at scientific excellence and quality, this journal will promote the best inputs in scientific- and academic research, on the prospective of local, international, global developments in business, economics, law, social-, but also natural sciences. A
520 3# - Резюме і т.п.
Резюме, реферат, анотація, тощо (НП) ll manuscripts will be double blind peer reviewed by the members of the editorial board who are noted experts in the appropriate subject area. We are glad to announce that AJBALS, is part of DOAJ, EBSCO, World Wide Science and more than 100 Databases s
520 3# - Резюме і т.п.
Резюме, реферат, анотація, тощо (НП) ince 2015 and is projected for indexing in SCOPUS.
650 #7 - Додаткове предметне введення – тематичний термін
Джерело заголовка чи терміна UDC
856 40 - Електронне місцезнаходження та доступ
Уніфікований ідентифікатор ресурсу (П) http://iipccl.org/?page_id=5198
942 ## - Додаткові елементи входу (Коха)
Тип елемента Koha Номер журналу
955 ## - Код типу видання за змістом
Код типу видання за змістом (НП) Наукові видання

Немає доступних примірників.